الفهرسة الوصفية للمكتبات المطبوعات والمخطوطات / (Record no. 52314)
[ view plain ]
| 000 -الفاتح | |
|---|---|
| حقل البيانات ثابتة الطول | 00775nam a2200217Ia 4500 |
| 008 - عناصر البيانات ثابتة الطول - معلومات عامة | |
| حقل البيانات ثابتة الطول | 140319s9999 xx 000 0 ara d |
| 040 ## - مصدر الفهرسة | |
| وكالة الفهرسة الأصلية | GCL / |
| وكالة النسخ | GCL |
| 082 04 - رقم تصنيف ديوى العشرى | |
| رقم التصنيف | 025.32 |
| رقم المادة | س ف |
| 100 1# - المدخل الرئيسى - إسم شخصى | |
| الإسم الشخصى | شعبان عبدالعزيز خليفة |
| 245 10 - بيان العنوان | |
| العنوان | الفهرسة الوصفية للمكتبات المطبوعات والمخطوطات / |
| بيان المسئوليه,etc | شعبان عبدالعزيز خليفة |
| 700 1# - المدخل الاضافى - اسم شخصى | |
| الإسم الشخصى | محمد عوض العايدى |
| 300 ## - الوصف المادى | |
| التعداد | 504 ص |
| 490 ## - بيان السلسلة | |
| عنوان السلسلة | سلسلة المكتبات والمعلومات |
| رقم المجلد/ التعيين التسلسلي | 0 |
| 650 04 - المدخل الاضافى بالموضوع-مصطلح موضوعى | |
| مصطلح موضوعي | الفهرسة الوصفية |
| 650 04 - المدخل الاضافى بالموضوع-مصطلح موضوعى | |
| مصطلح موضوعي | المخطوطات - فهرسة |
| 650 04 - المدخل الاضافى بالموضوع-مصطلح موضوعى | |
| مصطلح موضوعي | المكتبات - فهارس |
| 650 04 - المدخل الاضافى بالموضوع-مصطلح موضوعى | |
| مصطلح موضوعي | الكتب - فهارس |
| 650 04 - المدخل الاضافى بالموضوع-مصطلح موضوعى | |
| مصطلح موضوعي | الدوريات - فهرسة |
| 942 ## - عناصر المدخل الإضافي( كوها) | |
| مصدر التصنيف او مخطط الترفيف | Dewey Decimal Classification |
| Koha [default] item type | كتاب |
| حالة التراجع | حالة الفقد | حالة تلف | ليس للاعارة | المكان المؤقت | الموقع الحالى | تاريخ الاكتساب | اجمالي اﻻعارات | رقم الطلب | الباركود | تاريخ اخر مشاهدة | تاريخ تفعيل السعر | نوع وعاء كوها |
|---|---|---|---|---|---|---|---|---|---|---|---|---|
| مكتبة القاهرة الكبرى | مكتبة القاهرة الكبرى | 03/26/2014 | 025.32\س ف | 125186 | 03/26/2014 | 03/26/2014 | كتاب |

